| 000 | 00485nam a22001577a 4500 | ||
|---|---|---|---|
| 999 |
_c534795 _d534795 |
||
| 020 | _qHard Cover. | ||
| 082 | _a620.004 | ||
| 100 | _aKumar, Mahesh | ||
| 245 |
_aHeat extraction from the solar pond / _cMahesh Kumar. |
||
| 260 |
_aIslamabad: _bCES - NUST, _c2015. |
||
| 300 |
_axviii, 52 p. : _bill. ; _c30cm. |
||
| 942 |
_2ddc _cTHE |
||
| 650 |
_aEnergy System Engineering MS-Thesis. _928868 |
||
| 700 |
_aDr. Adeel waqas _928869 |
||